Missing Word: Colorful Things Quiz Stats

 Plays Quiz Updated Jul 2, 2012

Support Sporcle.
Go Orange.
Score 0/24 Timer 02:00
0 Plays Today
Hint Word % Correct
White _______House
97.6%
Red _______Bull
96.3%
Black _______Jack
95.6%
Yellow _______Pages
94.4%
Blue _______Jeans
93.9%
Green Eggs and _______Ham
93.3%
The Pink ________Panther
93.1%
________ BrownCharlie
91.1%
________ WhiteSnow
89.4%
Red ________Sea
88.1%
Yellow ________Fever
88.1%
Orange ________County
86.5%
Hint Word % Correct
Silver ________Dollar
85.3%
Purple _______Heart
84.2%
Black ________Magic
83.8%
Long ________ SilverJohn
83.2%
Pink ________Floyd
81.5%
Purple ________Rain
81.2%
A ________ OrangeClockwork
81.1%
Blue ________Jays
75.6%
The Golden _______Globes
71.2%
Green ________Jacket
67.7%
________ BrownDan
67.7%
Gold ________Glove
49.1%

Today's Daily Dose

You're not logged in!

Compare scores with friends on all Sporcle quizzes.
OR
Log In
Forgot?

From the Vault

Disney Movie Background Quartets

by mariapiscitelli5

Movies 7m
Sorry, if you were looking for foreground trios.
Remove Ads.
Support Sporcle.
Get the best of Sporcle when you Go Orange. This ad-free experience offers more features, more stats, and more fun while also helping to support Sporcle. Thank you for becoming a member.

Show Comments

Extras

Top Quizzes Today


Score Distribution

Your Account Isn't Verified!

In order to create a playlist on Sporcle, you need to verify the email address you used during registration. Go to your Sporcle Settings to finish the process.

Report this User

Report this user for behavior that violates our Community Guidelines.

Details: